| 000 -CABECERA |
| Longitud fija campo de control |
00756nam a2200229 u 4500 |
| 001 - NÚMERO DE CONTROL |
| Número de control |
991060996476306706 |
| 003 - IDENTIFICADOR DEL NÚMERO DE CONTROL |
| Identificador del número de control |
OSt |
| 005 - FECHA Y HORA DE LA ÚLTIMA TRANSACCIÓN |
| Fecha y hora de la última transacción |
20230719124714.0 |
| 008 - CÓDIGOS DE INFORMACIÓN DE LONGITUD FIJA |
| Códigos de información de longitud fija |
230622s2021 xx r 000 0 cat d |
| 020 ## - NÚMERO INTERNACIONAL NORMALIZADO PARA LIBROS |
| Número Internacional Normalizado para Libros (ISBN) |
9788419332349 |
| 040 ## - FUENTE DE LA CATALOGACIÓN |
| Lengua de catalogación |
cat |
| Centro transcriptor |
CDMR |
| 100 1# - PUNTO DE ACCESO PRINCIPAL-NOMBRE DE PERSONA |
| Nombre de persona |
Keefe, Patrick Radden, |
| 245 10 - MENCIÓN DE TÍTULO |
| Título |
Canalles : |
| Resto del título |
històries verídiques sobre estafadors, assassins, rebels i malfactors / |
| Mención de responsabilidad, etc. |
Patrick Radden Keefe ; traducció de Ricard Gil |
| 260 ## - PUBLICACIÓN, DISTRIBUCIÓN, ETC. (PIE DE IMPRENTA) |
| Lugar de publicación, distribución, etc. |
Barcelona : |
| Nombre del editor, distribuidor, etc. |
Edicions del Periscopi |
| Fecha de publicación, distribución, etc. |
2023 |
| 300 #a - DESCRIPCIÓN FÍSICA |
| Extensión |
489 pàgines ; |
| Dimensiones |
21 cm |
| 490 1# - MENCIÓN DE SERIE |
| Mención de serie |
Astrolabi ; |
| Designación de volumen o secuencia |
11 |
| 505 ## - NOTA DE CONTENIDO CON FORMATO |
| Nota de contenido con formato |
Articles publicats originalment a la revista "The New Yorker" |
| 830 #0 - PUNTO DE ACCESO ADICIONAL DE SERIE - TÍTULO UNIFORME |
| Título uniforme |
Astrolabi (Edicions del Periscopi) ; |
| Designación de volumen o secuencia |
11 |
| 908 ## - CONTROL DE PARÁMETROS (RLIN) |
| Parametro de comando lanzado |
URL |
| 940 ## - |
| T&íacute;tulo uniforme |
<a href="URL">URL</a> |
| 942 ## - ENTRADA DE ELEMENTOS AGREGADOS (KOHA) |
| Fuente de clasificaión o esquema |
|
| Koha [por defecto] tipo de item |
Monografies |